000 00683cab a2200253 4500
001 WB3209-42
008 090401t1996 xxu||||| |||| 00| 0 eng d
035 _a(Sirsi) u40342
041 _aeng
245 _aBlight work
260 _c1996
350 _a0
490 _aScotsman
_v27 February 1996, 17(2)
520 _aExamines the problems created by the need to provide 170,000 new homes for Scotland over the next ten years.
650 _aABERDEEN
650 _aEAST LOTHIAN
650 _aNEW SETTLEMENTS
650 _aNEW TOWNS
650 _aSCOTLAND
690 _aHOUSING-DEVELOPMENT
690 _aPLANNING LAW AND PRACTICE
942 _n0
948 _c04/03/1997
999 _c25847
_d25847